00000000nam 2200000za 4500
0019.674439
003CaOODSP
00520250120163637
007cr |||||||||||
008150407|2005||||xxc|||||o    f|0| 0 por d
020 |a0-662-02817-1
040 |aCaOODSP|beng
043 |an-cn---
0861 |aCD4-28/4-2005Por-PDF
1101 |aCanada.|bCanadian International Development Agency.
24510|a[Brazil-Canada Equity Promotion Program - KEEP replication and dissemination. Booklet 4] |h[electronic resource]
2461 |aPrograma Brasil-Canadá para a promocão da eqüidade - PIPE multiplicão e disseminacão. Folheto 4
250 |a[Portuguese edition].
260 |aGatineau - Quebec : |bCanadian International Development Agency |c2005.
300 |a7p.
500 |aIssued also in English under title: Brazil-Canada Equity Promotion Program - KEEP replication and dissemination. Booklet 4.
546 |aText in Portuguese.
590 |a12-23-Supp|b2012-05-28
69007|aInternational business development|2gcpds
69007|aInternational programs|2gcpds
77508|tBrazil-Canada Equity Promotion Program - KEEP replication and dissemination. Booklet 4 |w(CaOODSP)9.687643
792 |t[Programme Brésil-Canada de promotion de l'équité - PECPE reprise et diffusion. Livret 4] |efre|w(CaOODSP)9.674440
85640|ahttp://publications.gc.ca|qPDF|s245 KB|uhttps://publications.gc.ca/collections/collection_2012/acdi-cida/CD4-28-4-2005-por.pdf